Die Leitgedanken für den Betrachtungsstoff der einzelnen Exerzitientage (30 Tage)

Hlavné myšlienky pre látku jednotlivých dní 30-dňových duchovných cvičení. Látka na štyri týždne duchovných cvičení

Bibliographic Details
Format: Manuscript Book
Language:German
PhysicalDescription:94 strán strojop. (rozmnož.) 22 cm
Published: [Miesto vzniku nie je známe] [medzi 1930 a 1940?]
Subjects:

MARC

LEADER 00000ctmaa2200000 a 4500
001 vtls011740199
003 SK-MaSNL
005 20260301044527.0
008 230802i1930 xx || 000 1 ger
035 |a urn:nbn:sk:snk-tm00eooe 
035 |a urn:nbn:sk:snk-tm3n42n 
035 |a CAE44705-5C27-4880-95C6-1C819A115056 
040 |a SNKLA  |b slo  |c SNKLA  |e AACR2 
041 0 |a ger 
044 |a xx 
072 7 |a 27-78  |x Kresťanské združenia, spolky a organizácie. Rehoľné rády  |2 konspekt 
080 |a 27-584.7  |2 2011 
080 |a 025.171  |2 2011 
080 |a (042.3)  |2 2011 
245 0 4 |a Die Leitgedanken für den Betrachtungsstoff der einzelnen Exerzitientage (30 Tage) 
260 |a [Miesto vzniku nie je známe]  |c [medzi 1930 a 1940?] 
300 |a 94 strán  |b strojop. (rozmnož.)  |c 22 cm 
500 |a Súvisí so signatúrou (Š) 907 
520 2 |a Hlavné myšlienky pre látku jednotlivých dní 30-dňových duchovných cvičení. Látka na štyri týždne duchovných cvičení 
555 0 |a Inventár rukopisov Archívu literatúry a umenia Matice slovenskej. Rukopisy historických knižníc na Slovensku II. Martin: Matica slovenská 1995 
610 2 7 |a Dielo sv. Bonifáca na Slovensku (Bratislava, Slovensko)  |2 SNKLA  |9 351091 
650 0 7 |a duchovné cvičenia  |2 SNKPH  |9 1723 
655 7 |a rukopisy  |2 SNKPH  |9 70548 
655 7 |a tézy  |2 SNKPH  |9 70670 
852 |a Slovenská národná knižnica  |b Literárny archív 
958 |a ZH 
958 |a BLA 
999 |c 596200  |d 598130 
952 |a SNKLA  |b SNKLA  |c SNKLA_DEP  |y NEVYP  |7 0  |p 17A1227972  |o snkRHKS 1971  |0 0  |1 0  |4 0  |d 2018-02-02  |f 1  |l 0  |r 2026-02-23 15:39:14  |w 2026-02-23